Losowe, sekwencyjne państwa Oceanii na mapie - Statystyki

Ogólne statystyki
  • Ten quiz został rozwiązany 1 814 razy
  • Średni wynik to 11 z 14
Odpowiedzi na mapie
Odpowiedzi zakodowano w zielono-czerwonej skali na mapie do tego quizu, zgodnie z poniższymi procentami.
 
Statystyki odpowiedzi
Kraje % Poprawnych
Nowa Zelandia
85%
Australia
84%
Papua Nowa Gwinea
83%
Kiribati
81%
Fidżi
80%
Mikronezja
79%
Palau
79%
Wyspy Salomona
79%
Nauru
78%
Samoa
78%
Tonga
78%
Tuvalu
77%
Vanuatu
77%
Wyspy Marshalla
77%
Nie znaleziono quizów pasujących do podanych kryteriów
Rozkład punktacji
Procent ludzi z każdym wynikiem
Percentyl według liczby udzielonych odpowiedzi
Twoja historia wyników
Nie rozwiązałeś tego quizu